000 00663cam a22002291 4500
999 _c34785
_d34785
001 5951102
003 OSt
005 20200201113208.0
008 720301s1933 xx 000 0 eng
010 _a 34008568
040 _coclc
042 _apremarc
082 _a320.9
_bDOY/H
100 _aDoyle, Phyllis
_91750
245 1 2 _aA history of political thought /
_c Phyllis Doyle
260 _aLondon,
_bJ. Cape
_c[1933]
300 _a319p
504 _aBibliography: p. 323-326.
650 0 _aPolitical science
_xHistory.
906 _a7
_bcbc
_coclcrpl
_du
_encip
_f19
_gy-gencatlg
942 _2ddc
_cBK
_h320.9
_iDOY/H
_k320.9
_mDOY/H